Meilleurs pays du monde en triathlon format olympique - Statistiques

Statistiques générales
  • Ce quiz a été pris 135 fois
  • Le résultat moyen est 25 sur 30
Statistiques - réponses
Rang Nombre de médailles
or + argent + bronze
Pays % Correct
Coupe du monde 6 43 France
100%
Jeux olympiques 6 3 France
100%
Cumul JO et Coupe du monde 6 46 France
100%
Coupe du monde 7 33 Espagne
96%
Cumul JO et Coupe du monde 7 33 Espagne
96%
Coupe du monde 2 95 Etats-Unis
95%
Jeux olympiques 3 5 Etats-Unis
95%
Cumul JO et Coupe du monde 2 100 Etats-Unis
95%
Coupe du monde 5 47 Royaume-Uni
95%
Jeux olympiques 1 11 Royaume-Uni
95%
Cumul JO et Coupe du monde 3 58 Royaume-Uni
95%
Coupe du monde 8 26 Allemagne
88%
Jeux olympiques 6 3 Allemagne
88%
Cumul JO et Coupe du monde 8 29 Allemagne
88%
Coupe du monde 1 171 Australie
84%
Jeux olympiques 3 5 Australie
84%
Cumul JO et Coupe du monde 1 176 Australie
84%
Coupe du monde 3 53 Canada
79%
Jeux olympiques 8 2 Canada
79%
Cumul JO et Coupe du monde 5 55 Canada
79%
Coupe du monde 4 52 Nouvelle-Zélande
74%
Jeux olympiques 3 5 Nouvelle-Zélande
74%
Cumul JO et Coupe du monde 4 57 Nouvelle-Zélande
74%
Coupe du monde 9 24 Portugal
68%
Cumul JO et Coupe du monde 10 24 Portugal
68%
Coupe du monde 10 19 Suisse
68%
Jeux olympiques 2 6 Suisse
68%
Cumul JO et Coupe du monde 9 25 Suisse
68%
Jeux olympiques 9 1 Norvège
64%
Jeux olympiques 9 1 Autriche
37%
Aucun quiz correspondant
Distribution des résultats
% des personnes avec chaque résultat
Percentile par nombre de réponses
Votre historique - résultats
Vous n’avez pas pris ce quiz